MARC details
| 000 -LEADER |
| campo de control de longitud fija |
02735cam a2200457 i 4500 |
| 001 - NÚMERO DE CONTROL |
| campo de control |
9385381 |
| 005 - FECHA Y HORA DE LA ÚLTIMA TRANSACCIÓN |
| campo de control |
20220326193353.0 |
| 008 - DATOS DE LONGITUD FIJA--INFORMACIÓN GENERAL |
| campo de control de longitud fija |
111228s2012 txu b 001 0 eng |
| 010 ## - NÚMERO DE CONTROL DE LA BIBLIOTECA DEL CONGRESO |
| Número de control de LC |
2011053252 |
| 020 ## - NÚMERO INTERNACIONAL ESTÁNDAR DEL LIBRO |
| Número Internacional Estándar del Libro |
9780300146974 (hardback) |
| 020 ## - NÚMERO INTERNACIONAL ESTÁNDAR DEL LIBRO |
| Número Internacional Estándar del Libro |
0300146973 (hardback) |
| 035 ## - NÚMERO DE CONTROL DEL SISTEMA |
| Número de control de sistema |
(OCoLC)ocn711045555 |
| 035 ## - NÚMERO DE CONTROL DEL SISTEMA |
| Número de control de sistema |
(OCoLC)711045555 |
| 035 ## - NÚMERO DE CONTROL DEL SISTEMA |
| Número de control de sistema |
(NNC)9385381 |
| 040 ## - FUENTE DE CATALOGACIÓN |
| Centro catalogador/agencia de origen |
DLC |
| Normas de descripción |
rda |
| Lengua de catalogación |
eng |
| Centro/agencia transcriptor |
DLC |
| Centro/agencia modificador |
YDX |
| -- |
BTCTA |
| -- |
ERASA |
| -- |
BDX |
| -- |
YDXCP |
| -- |
SMI |
| -- |
BWX |
| 042 ## - CÓDIGO DE AUTENTICACIÓN |
| Código de autenticación |
pcc |
| 043 ## - CÓDIGO DE ÁREA GEOGRÁFICA |
| Código de área geográfica |
cl----- |
| -- |
n-us--- |
| 082 00 - NÚMERO DE LA CLASIFICACIÓN DECIMAL DEWEY |
| Número de clasificación |
709.8 |
| Número de ítem |
M986c |
| 100 ## - ENTRADA PRINCIPAL--NOMBRE DE PERSONA |
| Nombre de persona |
Ramírez, Mari Carmen, |
| 9 (RLIN) |
1764 |
| 245 00 - MENCIÓN DEL TÍTULO |
| Título |
Resisting categories : |
| Resto del título |
Latin American and/or Latino? / |
| Mención de responsabilidad, etc. |
organized by Héctor Olea, Mari Carmen Ramírez, Tomás Ybarra-Frausto ; with document introductions by María C. Gaztambide ; edited by Héctor Olea and Melina Kervandjian. |
| 260 ## - PUBLICACIÓN, DISTRIBUCIÓN, ETC. |
| Lugar de publicación, distribución, etc. |
Houston : |
| Nombre del editor, distribuidor, etc. |
Museum Fine Arts Houston ; |
| Lugar de publicación, distribución, etc. |
New Haven : |
| Nombre del editor, distribuidor, etc. |
Distributed by Yale University Press, |
| Fecha de publicación, distribución, etc. |
©2012. |
| 300 ## - DESCRIPCIÓN FÍSICA |
| Extensión |
1160 pages ; |
| Dimensiones |
25 cm. |
| 490 1# - MENCIÓN DE SERIE |
| Mención de serie |
Critical documents of 20th-century Latin American and Latino art ; |
| Designación de volumen o secuencia |
v. I |
| 500 ## - NOTA GENERAL |
| Nota general |
This book was published in conjunction with the launch of the Digital Archive of the International Center for the Arts of the Americas on January 19, 2012. |
| 504 ## - NOTA DE BIBLIOGRAFÍA, ETC. |
| Nota de bibliografía, etc. |
Includes bibliographical references and index. |
| 505 ## - NOTA DE CONTENIDO CON FORMATO |
| Título |
"This anthology of more than 165 seminal writings by influential twentieth- and twenty-first century artists and critics who explore and challenge complex definitions of what it means to be 'Latin American' or 'Latino' is designed to be an indispensable tool for the study of Latin American and Latino art"--Provided by publisher. |
| 520 ## - RESUMEN, ETC. |
| Sumario, etc. |
"This anthology of more than 165 seminal writings by influential twentieth- and twenty-first century artists and critics who explore and challenge complex definitions of what it means to be 'Latin American' or 'Latino' is designed to be an indispensable tool for the study of Latin American and Latino art"--Provided by publisher. |
| 650 #0 - PUNTO DE ACCESO ADICIONAL DE MATERIA--TÉRMINO DE MATERIA |
| Término de materia o nombre geográfico como elemento de entrada |
Art, Latin American. |
| 9 (RLIN) |
1415 |
| 650 #0 - PUNTO DE ACCESO ADICIONAL DE MATERIA--TÉRMINO DE MATERIA |
| Término de materia o nombre geográfico como elemento de entrada |
Hispanic American art. |
| 9 (RLIN) |
5389 |
| 650 #7 - PUNTO DE ACCESO ADICIONAL DE MATERIA--TÉRMINO DE MATERIA |
| Término de materia o nombre geográfico como elemento de entrada |
ART / Caribbean & Latin American. |
| Fuente del encabezamiento o término |
bisacsh |
| 9 (RLIN) |
5390 |
| 650 #7 - PUNTO DE ACCESO ADICIONAL DE MATERIA--TÉRMINO DE MATERIA |
| Término de materia o nombre geográfico como elemento de entrada |
SOCIAL SCIENCE / Ethnic Studies / Hispanic American Studies. |
| Fuente del encabezamiento o término |
bisacsh |
| 9 (RLIN) |
5391 |
| 650 #7 - PUNTO DE ACCESO ADICIONAL DE MATERIA--TÉRMINO DE MATERIA |
| Término de materia o nombre geográfico como elemento de entrada |
ART / Criticism & Theory. |
| Fuente del encabezamiento o término |
bisacsh |
| 9 (RLIN) |
5392 |
| 700 1# - ENTRADA AGREGADA--NOMBRE PERSONAL |
| Nombre de persona |
Ramírez, Mari Carmen, |
| Fechas asociadas al nombre |
1955- |
| Término indicativo de función/relación |
editor. |
| 9 (RLIN) |
1740 |
| 700 1# - ENTRADA AGREGADA--NOMBRE PERSONAL |
| Nombre de persona |
Ybarra-Frausto, Tomás, |
| Fechas asociadas al nombre |
1938- |
| Término indicativo de función/relación |
editor. |
| 9 (RLIN) |
5393 |
| 700 1# - ENTRADA AGREGADA--NOMBRE PERSONAL |
| Nombre de persona |
Olea, Héctor, |
| Término indicativo de función/relación |
editor. |
| 9 (RLIN) |
5394 |
| 700 1# - ENTRADA AGREGADA--NOMBRE PERSONAL |
| Nombre de persona |
Gaztambide, María C., |
| Término indicativo de función/relación |
writer of added commentary. |
| 9 (RLIN) |
5395 |
| 700 1# - ENTRADA AGREGADA--NOMBRE PERSONAL |
| Nombre de persona |
Kervandjian, Melina, |
| Término indicativo de función/relación |
editor. |
| 9 (RLIN) |
5396 |
| 830 #0 - PUNTO DE ACCESO ADICIONAL DE SERIE-TÍTULO UNIFORME |
| Título uniforme |
Critical documents of 20th-century Latin American and Latino art ; |
| Designación de volumen o secuencia |
v. 1. |
| 9 (RLIN) |
5397 |
| 948 1# - PROCESAMIENTO DE INFORMACIÓN LOCAL (OCLC); DESIGNADOR DE PARTE DE LA SERIE (RLIN) |
| Designador de la parte de la serie, SPT (RLIN) |
20120417 |
| b (OCLC) |
c |
| c (OCLC) |
rhg9 |
| d (OCLC) |
OSMC |